| 000 | 00667nam a2200229 a 4500 | ||
|---|---|---|---|
| 005 | 20140310183437.0 | ||
| 008 | 080205s19uu xx 00 eng d | ||
| 020 | _a9789814227902 | ||
| 050 |
_aHF 5718 _b.G941 2008 |
||
| 100 | _aGuffey, Mary Ellen | ||
| 245 |
_aEssential of business communication. / _b _cGuffey, Mary Ellen. |
||
| 250 | _aAsian ed. | ||
| 260 |
_aAustralia : _bThomson, _c2008. |
||
| 300 |
_a558 p. : _bill. col. ; _c26 cm. |
||
| 521 | _aEDU | ||
| 650 | _aBusiness writing. | ||
| 650 |
_aEnglish language _xBusiness English. |
||
| 650 | _aBusiness communication. | ||
| 700 | _aDu-Babcock, Bertha | ||
| 942 |
_cBK _2lcc _kFOR |
||
| 999 |
_c22985 _d22985 |
||